Алгоритм цифровой идентификации неизвестных параметров асинхронных двигателей серии 4А на базе процессора DSP TMS320F2812; Электромеханические преобразователи энергии

Bibliographic Details
Parent link:Электромеханические преобразователи энергии.— 2009.— С. 404-408
Main Author: Краснов И. Ю. Иван Юрьевич
Language:Russian
Published: 2009
Subjects:
Format: Book Chapter
KOHA link:https://koha.lib.tpu.ru/cgi-bin/koha/opac-detail.pl?biblionumber=196557

MARC

LEADER 00000naa2a2200000 4500
001 196557
005 20231031183140.0
035 |a (RuTPU)RU\TPU\book\214428 
090 |a 196557 
100 |a 20110525d2009 k y0rusy50 ca 
101 0 |a rus 
102 |a RU 
200 1 |a Алгоритм цифровой идентификации неизвестных параметров асинхронных двигателей серии 4А на базе процессора DSP TMS320F2812  |f И. Ю. Краснов 
320 |a Библиогр.: 4 назв. 
463 0 |0 (RuTPU)RU\TPU\book\208678  |t Электромеханические преобразователи энергии  |o материалы IV Международной научно-технической конференции, 13-16 октября 2009 г., Томск  |f Российский фонд фундаментальных исследований (РФФИ) ; Томская область, Администрация ; Томский политехнический университет   |v С. 404-408  |d 2009  |p 556 с. 
610 1 |a асинхронные двигатели 
610 1 |a идентификация 
610 1 |a алгоритмы 
610 1 |a параметры 
610 1 |a процессоры 
610 1 |a статоры 
610 1 |a неизвестные параметры 
610 1 |a роторы 
610 1 |a труды учёных ТПУ 
700 1 |a Краснов  |b И. Ю.  |c специалист в области электротехники  |c доцент Томского политехнического университета, кандидат технических наук  |f 1981-  |g Иван Юрьевич  |2 stltpush  |3 (RuTPU)RU\TPU\pers\25675 
801 1 |a RU  |b 63413507  |c 20110525 
942 |c BK